| 000 | 00428nam a2200145Ia 4500 | ||
|---|---|---|---|
| 008 | 230917s9999||||xx |||||||||||||| ||und|| | ||
| 040 |
_e171983 _aMAIN |
||
| 041 | _aEnglish | ||
| 082 | _a891.431731 AP84M | ||
| 100 | _aपोद्दार रामअवतार अरूण | ||
| 245 | 0 | _aमहाभारती | |
| 260 |
_aबिहार _bकिरण कुजं _c1968 |
||
| 300 | _a552 पृ. p. | ||
| 942 | _cHN | ||
| 999 |
_c103424 _d103424 |
||